<?xml version="1.0" encoding="UTF-8"?>
<record
    xmlns:xsi="http://www.w3.org/2001/XMLSchema-instance"
    xsi:schemaLocation="http://www.loc.gov/MARC21/slim http://www.loc.gov/standards/marcxml/schema/MARC21slim.xsd"
    xmlns="http://www.loc.gov/MARC21/slim">

  <leader>00214nam a2200097Ia 4500</leader>
  <controlfield tag="008">180219s9999    xx            000 0 und d</controlfield>
  <datafield tag="100" ind1=" " ind2=" ">
    <subfield code="a">Gupta R B</subfield>
  </datafield>
  <datafield tag="245" ind1=" " ind2="0">
    <subfield code="a">Civil Engineering Drawing Part 1</subfield>
  </datafield>
  <datafield tag="260" ind1=" " ind2=" ">
    <subfield code="c">2013</subfield>
  </datafield>
  <datafield tag="300" ind1=" " ind2=" ">
    <subfield code="a">0</subfield>
  </datafield>
  <datafield tag="942" ind1=" " ind2=" ">
    <subfield code="e">12th</subfield>
  </datafield>
  <datafield tag="999" ind1=" " ind2=" ">
    <subfield code="c">43569</subfield>
    <subfield code="d">43569</subfield>
  </datafield>
  <datafield tag="952" ind1=" " ind2=" ">
    <subfield code="0">0</subfield>
    <subfield code="1">0</subfield>
    <subfield code="2">ddc</subfield>
    <subfield code="4">0</subfield>
    <subfield code="7">0</subfield>
    <subfield code="a">10</subfield>
    <subfield code="b">10</subfield>
    <subfield code="d">2018-02-19</subfield>
    <subfield code="l">2</subfield>
    <subfield code="p">10-B-3733</subfield>
    <subfield code="r">2022-04-08</subfield>
    <subfield code="s">2021-10-13</subfield>
    <subfield code="w">2018-02-21</subfield>
    <subfield code="y">02</subfield>
  </datafield>
  <datafield tag="952" ind1=" " ind2=" ">
    <subfield code="0">0</subfield>
    <subfield code="1">0</subfield>
    <subfield code="2">ddc</subfield>
    <subfield code="4">0</subfield>
    <subfield code="7">0</subfield>
    <subfield code="a">10</subfield>
    <subfield code="b">10</subfield>
    <subfield code="d">2018-02-19</subfield>
    <subfield code="l">0</subfield>
    <subfield code="p">10-B-3734</subfield>
    <subfield code="r">2018-02-21</subfield>
    <subfield code="w">2018-02-21</subfield>
    <subfield code="y">02</subfield>
  </datafield>
  <datafield tag="952" ind1=" " ind2=" ">
    <subfield code="0">0</subfield>
    <subfield code="1">0</subfield>
    <subfield code="2">ddc</subfield>
    <subfield code="4">0</subfield>
    <subfield code="7">0</subfield>
    <subfield code="a">10</subfield>
    <subfield code="b">10</subfield>
    <subfield code="d">2018-02-19</subfield>
    <subfield code="l">1</subfield>
    <subfield code="p">10-B-3735</subfield>
    <subfield code="r">2018-12-17</subfield>
    <subfield code="s">2018-09-04</subfield>
    <subfield code="w">2018-02-21</subfield>
    <subfield code="y">02</subfield>
  </datafield>
  <datafield tag="952" ind1=" " ind2=" ">
    <subfield code="0">0</subfield>
    <subfield code="1">0</subfield>
    <subfield code="2">ddc</subfield>
    <subfield code="4">0</subfield>
    <subfield code="7">0</subfield>
    <subfield code="a">10</subfield>
    <subfield code="b">10</subfield>
    <subfield code="d">2018-02-19</subfield>
    <subfield code="l">1</subfield>
    <subfield code="p">10-B-3736</subfield>
    <subfield code="r">2018-12-18</subfield>
    <subfield code="s">2018-09-13</subfield>
    <subfield code="w">2018-02-21</subfield>
    <subfield code="y">02</subfield>
  </datafield>
  <datafield tag="952" ind1=" " ind2=" ">
    <subfield code="0">0</subfield>
    <subfield code="1">0</subfield>
    <subfield code="2">ddc</subfield>
    <subfield code="4">0</subfield>
    <subfield code="7">0</subfield>
    <subfield code="a">10</subfield>
    <subfield code="b">10</subfield>
    <subfield code="d">2018-02-19</subfield>
    <subfield code="l">0</subfield>
    <subfield code="p">10-B-3737</subfield>
    <subfield code="r">2018-02-21</subfield>
    <subfield code="w">2018-02-21</subfield>
    <subfield code="y">02</subfield>
  </datafield>
  <datafield tag="952" ind1=" " ind2=" ">
    <subfield code="0">0</subfield>
    <subfield code="1">0</subfield>
    <subfield code="2">ddc</subfield>
    <subfield code="4">0</subfield>
    <subfield code="7">0</subfield>
    <subfield code="a">10</subfield>
    <subfield code="b">10</subfield>
    <subfield code="d">2018-02-19</subfield>
    <subfield code="l">1</subfield>
    <subfield code="p">10-B-3738</subfield>
    <subfield code="q">2019-01-15</subfield>
    <subfield code="r">2018-09-25</subfield>
    <subfield code="s">2018-09-25</subfield>
    <subfield code="w">2018-02-21</subfield>
    <subfield code="y">02</subfield>
  </datafield>
  <datafield tag="952" ind1=" " ind2=" ">
    <subfield code="0">0</subfield>
    <subfield code="1">0</subfield>
    <subfield code="2">ddc</subfield>
    <subfield code="4">0</subfield>
    <subfield code="7">0</subfield>
    <subfield code="a">10</subfield>
    <subfield code="b">10</subfield>
    <subfield code="d">2018-02-19</subfield>
    <subfield code="l">0</subfield>
    <subfield code="p">10-B-3739</subfield>
    <subfield code="r">2018-02-21</subfield>
    <subfield code="w">2018-02-21</subfield>
    <subfield code="y">02</subfield>
  </datafield>
  <datafield tag="952" ind1=" " ind2=" ">
    <subfield code="0">0</subfield>
    <subfield code="1">0</subfield>
    <subfield code="2">ddc</subfield>
    <subfield code="4">0</subfield>
    <subfield code="7">0</subfield>
    <subfield code="a">10</subfield>
    <subfield code="b">10</subfield>
    <subfield code="d">2018-02-19</subfield>
    <subfield code="l">0</subfield>
    <subfield code="p">10-B-3740</subfield>
    <subfield code="r">2018-02-21</subfield>
    <subfield code="w">2018-02-21</subfield>
    <subfield code="y">02</subfield>
  </datafield>
  <datafield tag="952" ind1=" " ind2=" ">
    <subfield code="0">0</subfield>
    <subfield code="1">0</subfield>
    <subfield code="2">ddc</subfield>
    <subfield code="4">0</subfield>
    <subfield code="7">0</subfield>
    <subfield code="a">10</subfield>
    <subfield code="b">10</subfield>
    <subfield code="d">2018-02-19</subfield>
    <subfield code="l">2</subfield>
    <subfield code="p">10-B-3741</subfield>
    <subfield code="r">2022-01-19</subfield>
    <subfield code="s">2021-11-29</subfield>
    <subfield code="w">2018-02-21</subfield>
    <subfield code="y">02</subfield>
  </datafield>
  <datafield tag="952" ind1=" " ind2=" ">
    <subfield code="0">0</subfield>
    <subfield code="1">0</subfield>
    <subfield code="2">ddc</subfield>
    <subfield code="4">0</subfield>
    <subfield code="7">0</subfield>
    <subfield code="a">10</subfield>
    <subfield code="b">10</subfield>
    <subfield code="d">2018-02-19</subfield>
    <subfield code="l">1</subfield>
    <subfield code="p">10-B-3742</subfield>
    <subfield code="r">2019-12-20</subfield>
    <subfield code="s">2019-10-03</subfield>
    <subfield code="w">2018-02-21</subfield>
    <subfield code="y">02</subfield>
  </datafield>
  <datafield tag="952" ind1=" " ind2=" ">
    <subfield code="0">0</subfield>
    <subfield code="1">0</subfield>
    <subfield code="2">ddc</subfield>
    <subfield code="4">0</subfield>
    <subfield code="7">0</subfield>
    <subfield code="a">10</subfield>
    <subfield code="b">10</subfield>
    <subfield code="d">2018-02-19</subfield>
    <subfield code="l">0</subfield>
    <subfield code="p">10-B-3743</subfield>
    <subfield code="r">2018-02-21</subfield>
    <subfield code="w">2018-02-21</subfield>
    <subfield code="y">02</subfield>
  </datafield>
  <datafield tag="952" ind1=" " ind2=" ">
    <subfield code="0">0</subfield>
    <subfield code="1">0</subfield>
    <subfield code="2">ddc</subfield>
    <subfield code="4">0</subfield>
    <subfield code="7">0</subfield>
    <subfield code="a">10</subfield>
    <subfield code="b">10</subfield>
    <subfield code="d">2018-02-19</subfield>
    <subfield code="l">1</subfield>
    <subfield code="p">10-B-3744</subfield>
    <subfield code="r">2022-04-13</subfield>
    <subfield code="s">2021-12-06</subfield>
    <subfield code="w">2018-02-21</subfield>
    <subfield code="y">02</subfield>
  </datafield>
  <datafield tag="952" ind1=" " ind2=" ">
    <subfield code="0">0</subfield>
    <subfield code="1">0</subfield>
    <subfield code="2">ddc</subfield>
    <subfield code="4">0</subfield>
    <subfield code="7">0</subfield>
    <subfield code="a">10</subfield>
    <subfield code="b">10</subfield>
    <subfield code="d">2018-02-19</subfield>
    <subfield code="l">0</subfield>
    <subfield code="p">10-B-3745</subfield>
    <subfield code="r">2018-02-21</subfield>
    <subfield code="w">2018-02-21</subfield>
    <subfield code="y">02</subfield>
  </datafield>
  <datafield tag="952" ind1=" " ind2=" ">
    <subfield code="0">0</subfield>
    <subfield code="1">0</subfield>
    <subfield code="2">ddc</subfield>
    <subfield code="4">0</subfield>
    <subfield code="7">0</subfield>
    <subfield code="a">10</subfield>
    <subfield code="b">10</subfield>
    <subfield code="d">2018-02-19</subfield>
    <subfield code="l">1</subfield>
    <subfield code="p">10-B-3746</subfield>
    <subfield code="q">2022-03-15</subfield>
    <subfield code="r">2021-11-29</subfield>
    <subfield code="s">2021-11-29</subfield>
    <subfield code="w">2018-02-21</subfield>
    <subfield code="y">02</subfield>
  </datafield>
  <datafield tag="952" ind1=" " ind2=" ">
    <subfield code="0">0</subfield>
    <subfield code="1">0</subfield>
    <subfield code="2">ddc</subfield>
    <subfield code="4">0</subfield>
    <subfield code="7">0</subfield>
    <subfield code="a">10</subfield>
    <subfield code="b">10</subfield>
    <subfield code="d">2018-02-19</subfield>
    <subfield code="l">0</subfield>
    <subfield code="p">10-B-3747</subfield>
    <subfield code="r">2018-02-21</subfield>
    <subfield code="w">2018-02-21</subfield>
    <subfield code="y">02</subfield>
  </datafield>
  <datafield tag="952" ind1=" " ind2=" ">
    <subfield code="0">0</subfield>
    <subfield code="1">0</subfield>
    <subfield code="2">ddc</subfield>
    <subfield code="4">0</subfield>
    <subfield code="7">0</subfield>
    <subfield code="a">10</subfield>
    <subfield code="b">10</subfield>
    <subfield code="d">2018-02-19</subfield>
    <subfield code="l">1</subfield>
    <subfield code="p">10-B-3748</subfield>
    <subfield code="r">2019-12-18</subfield>
    <subfield code="s">2019-09-13</subfield>
    <subfield code="w">2018-02-21</subfield>
    <subfield code="y">02</subfield>
  </datafield>
  <datafield tag="952" ind1=" " ind2=" ">
    <subfield code="0">0</subfield>
    <subfield code="1">0</subfield>
    <subfield code="2">ddc</subfield>
    <subfield code="4">0</subfield>
    <subfield code="7">0</subfield>
    <subfield code="a">10</subfield>
    <subfield code="b">10</subfield>
    <subfield code="d">2018-02-19</subfield>
    <subfield code="l">0</subfield>
    <subfield code="p">10-B-3749</subfield>
    <subfield code="r">2018-02-21</subfield>
    <subfield code="w">2018-02-21</subfield>
    <subfield code="y">02</subfield>
  </datafield>
  <datafield tag="952" ind1=" " ind2=" ">
    <subfield code="0">0</subfield>
    <subfield code="1">0</subfield>
    <subfield code="2">ddc</subfield>
    <subfield code="4">0</subfield>
    <subfield code="7">0</subfield>
    <subfield code="a">10</subfield>
    <subfield code="b">10</subfield>
    <subfield code="d">2018-02-19</subfield>
    <subfield code="l">1</subfield>
    <subfield code="p">10-B-3750</subfield>
    <subfield code="r">2019-12-19</subfield>
    <subfield code="s">2019-09-09</subfield>
    <subfield code="w">2018-02-21</subfield>
    <subfield code="y">02</subfield>
  </datafield>
  <datafield tag="952" ind1=" " ind2=" ">
    <subfield code="0">0</subfield>
    <subfield code="1">0</subfield>
    <subfield code="2">ddc</subfield>
    <subfield code="4">0</subfield>
    <subfield code="7">0</subfield>
    <subfield code="a">10</subfield>
    <subfield code="b">10</subfield>
    <subfield code="d">2018-02-19</subfield>
    <subfield code="l">0</subfield>
    <subfield code="p">10-B-3751</subfield>
    <subfield code="r">2018-02-21</subfield>
    <subfield code="w">2018-02-21</subfield>
    <subfield code="y">02</subfield>
  </datafield>
  <datafield tag="952" ind1=" " ind2=" ">
    <subfield code="0">0</subfield>
    <subfield code="1">0</subfield>
    <subfield code="2">ddc</subfield>
    <subfield code="4">0</subfield>
    <subfield code="7">0</subfield>
    <subfield code="a">10</subfield>
    <subfield code="b">10</subfield>
    <subfield code="d">2018-02-19</subfield>
    <subfield code="l">1</subfield>
    <subfield code="p">10-B-3752</subfield>
    <subfield code="r">2018-12-21</subfield>
    <subfield code="s">2018-09-19</subfield>
    <subfield code="w">2018-02-21</subfield>
    <subfield code="y">02</subfield>
  </datafield>
</record>
